Statistics for Age Grouping by Decade Terms

Click here to take the quiz!

General Stats

  • This quiz has been taken 24 times
  • The average score is 2 of 12

Answer Stats

Answer% Correct
Child
85%
Centenarian
25%
Octogenarian
25%
Nonagenarian
15%
Septuagenarian
15%
Quadragenarian
10%
Sexagenarian
10%
Supercentenarian
10%
Denarian
0%
Quinquagenarian
0%
Tricenarian
0%
Vicenarian
0%

Score Distribution

Percentile by Number Answered

Percent of People with Each Score

Your Score History

You have not taken this quiz